| 000 | 00665cam a22001811 4500 | ||
|---|---|---|---|
| 082 | 0 | 0 |
_a358.4143 _bMER _c4647 |
| 100 | 1 |
_aMertel, Kenneth D., _948865 |
|
| 245 | 1 | 0 |
_aYear of the horse--Vietnam; _b1st Air Cavalry in the highlands, _cby Kenneth D. Mertel. |
| 250 | _a[1st ed.] | ||
| 260 |
_aNew York, _bExposition Press _c[1968] |
||
| 300 |
_aviii, 380 p. _bplans. _c21 cm. |
||
| 526 |
_a0 _b0 _c0 _d358_414300000000000_MER |
||
| 526 |
_a0 _b0 _c0 _d358_414300000000000_MER |
||
| 526 |
_a0 _b0 _c0 _d358_414300000000000_MER |
||
| 526 |
_a0 _b0 _c0 _d358_414300000000000_MER |
||
| 650 | 0 |
_aVietnam War, 1961-1975 _xRegimental histories _zUnited States. _948866 |
|
| 942 |
_2ddc _cBK |
||
| 999 |
_c551739 _d551739 |
||